<?xml version="1.0" encoding="UTF-8"?>
<record
    xmlns:xsi="http://www.w3.org/2001/XMLSchema-instance"
    xsi:schemaLocation="http://www.loc.gov/MARC21/slim http://www.loc.gov/standards/marcxml/schema/MARC21slim.xsd"
    xmlns="http://www.loc.gov/MARC21/slim">

  <leader>00898nam a2200229 a 4500</leader>
  <controlfield tag="001">BRL_233</controlfield>
  <controlfield tag="005">20190320210639.0</controlfield>
  <controlfield tag="008">240613s1947----mx-a######---#000-0#spa-#</controlfield>
  <datafield tag="041" ind1=" " ind2=" ">
    <subfield code="a">spa</subfield>
  </datafield>
  <datafield tag="044" ind1=" " ind2=" ">
    <subfield code="a">mx</subfield>
  </datafield>
  <datafield tag="050" ind1=" " ind2="4">
    <subfield code="a">BT660.O28</subfield>
    <subfield code="b">.B74 1947</subfield>
  </datafield>
  <datafield tag="245" ind1="1" ind2="0">
    <subfield code="a">Breve historia de la aparici&#xF3;n y culto de Nuestra Se&#xF1;ora de Ocotl&#xE1;n</subfield>
    <subfield code="c">extractada de la que escribi&#xF3; el M. I. Se&#xF1;or Don Nicanor Quir&#xF3;s y Guti&#xE9;rrez y arreglada por el P&#xE1;rroco y Capell&#xE1;n de la Colegiata, Don Jos&#xE9; Ignacio Cort&#xE9;s.</subfield>
  </datafield>
  <datafield tag="260" ind1=" " ind2=" ">
    <subfield code="a">Ocotl&#xE1;n, Tlaxcala, M&#xE9;xico</subfield>
    <subfield code="b">[s.n.]</subfield>
    <subfield code="c">1947</subfield>
  </datafield>
  <datafield tag="300" ind1=" " ind2=" ">
    <subfield code="a">31 p.</subfield>
    <subfield code="c">24 cm.</subfield>
  </datafield>
  <datafield tag="500" ind1=" " ind2=" ">
    <subfield code="a">Au55</subfield>
  </datafield>
  <datafield tag="650" ind1="1" ind2="4">
    <subfield code="a">Ocotl&#xE1;n, Nuestra Se&#xF1;ora de</subfield>
    <subfield code="x">Historia</subfield>
    <subfield code="9">23306</subfield>
  </datafield>
  <datafield tag="651" ind1=" " ind2="4">
    <subfield code="a">Ocotl&#xE1;n, Tlaxcala</subfield>
    <subfield code="x">Vida religiosa y costumbres</subfield>
    <subfield code="z">M&#xE9;xico</subfield>
    <subfield code="9">23307</subfield>
  </datafield>
  <datafield tag="700" ind1="1" ind2=" ">
    <subfield code="a">Quir&#xF3;s y Guti&#xE9;rrez, Nicanor</subfield>
    <subfield code="9">23308</subfield>
  </datafield>
  <datafield tag="700" ind1="1" ind2=" ">
    <subfield code="a">Cort&#xE9;s, Jos&#xE9; Ignacio</subfield>
    <subfield code="c">P&#xE1;rroco y Capell&#xE1;n</subfield>
    <subfield code="9">23309</subfield>
  </datafield>
  <datafield tag="902" ind1=" " ind2=" ">
    <subfield code="a">GRL</subfield>
  </datafield>
  <datafield tag="942" ind1=" " ind2=" ">
    <subfield code="2">lcc</subfield>
    <subfield code="c">B</subfield>
  </datafield>
  <datafield tag="999" ind1=" " ind2=" ">
    <subfield code="c">9046</subfield>
    <subfield code="d">9046</subfield>
  </datafield>
  <datafield tag="952" ind1=" " ind2=" ">
    <subfield code="0">0</subfield>
    <subfield code="1">0</subfield>
    <subfield code="4">0</subfield>
    <subfield code="7">0</subfield>
    <subfield code="a">BRL</subfield>
    <subfield code="b">BRL</subfield>
    <subfield code="d">2013-06-24</subfield>
    <subfield code="i">Au55</subfield>
    <subfield code="l">0</subfield>
    <subfield code="o">BT660.O28 .B74 1947 (Au55)</subfield>
    <subfield code="p">GRL00246</subfield>
    <subfield code="r">2019-03-22 00:00:00</subfield>
    <subfield code="w">2019-03-22</subfield>
    <subfield code="y">B</subfield>
  </datafield>
</record>
